000
00364nam a2200157Ia 4500
003
0STCL
008
150530s9999 xx 000 0 und d
040
_a
STCL
_c
STCL
100
_a
Webster; Khandelwal, K.N.; Ed
245
_a
Webster the Duchess of malfi
260
_c
1960
546
_a
English
942
_2
ddc
_c
BK
999
_c
56427
_d
56427
005
20220125171009.0